[Event "England D-Bahn-Sozialwerk 3"]
[Site "?"]
[Date "????.??.??"]
[Round "3.3"]
[White "Norman, D."]
[Black "Lück, E."]
[Result "1/2-1/2"]
[WhiteElo "1971"]
[BlackElo "1717"]
[PlyCount "40"]
[EventDate "2008.??.??"]

1. d4 Nf6 2. Nf3 g6 3. Bf4 Bg7 4. e3 d5 5. h3 O-O 6. Be2 c5 7. c3 cxd4 8. exd4
Qb6 9. Qb3 Qxb3 10. axb3 Nc6 11. Nbd2 Re8 12. O-O Nd7 13. b4 e5 14. dxe5 Ndxe5
15. Bb5 Bd7 16. Nxe5 Nxe5 17. Bxd7 Nxd7 18. Be3 a6 19. Nf3 Ne5 20. Nxe5 Bxe5
1/2-1/2

[Event "England D-Bahn-Sozialwerk 3"]
[Site "?"]
[Date "????.??.??"]
[Round "3.4"]
[White "Gafke, M."]
[Black "Wood, P."]
[Result "1/2-1/2"]
[WhiteElo "1904"]
[BlackElo "1942"]
[PlyCount "54"]
[EventDate "2008.??.??"]

1. d4 d5 2. Bf4 Nf6 3. e3 c6 4. c3 g6 5. Bd3 Bf5 6. Nf3 Bxd3 7. Qxd3 Nbd7 8.
Nbd2 Bg7 9. O-O O-O 10. e4 dxe4 11. Nxe4 Nxe4 12. Qxe4 Nf6 13. Qc2 Nd5 14. Bg3
Qb6 15. Rfe1 Rfe8 16. Be5 Nf6 17. Re2 Rad8 18. Rd1 Rd7 19. Nd2 Ng4 20. Bxg7
Kxg7 21. h3 Nf6 22. Nc4 Qd8 23. Ne5 Rd5 24. Qb3 Qb6 25. Qxb6 axb6 26. Nc4 Nd7
27. Ne3 Rd6 1/2-1/2

[Event "Sachsen 2-Norwegen 4"]
[Site "?"]
[Date "????.??.??"]
[Round "3.1"]
[White "Schröter, H."]
[Black "Standal, B."]
[Result "1/2-1/2"]
[WhiteElo "2072"]
[BlackElo "1901"]
[PlyCount "65"]
[EventDate "2008.??.??"]

1. Nf3 Nf6 2. g3 g6 3. Bg2 Bg7 4. O-O O-O 5. d3 d6 6. Nbd2 Nbd7 7. c3 c6 8. e4
e5 9. Nc4 Qc7 10. Bd2 Re8 11. Qc2 Nf8 12. Rad1 Nh5 13. Ne3 f5 14. exf5 gxf5 15.
Nh4 Qf7 16. Nc4 Qf6 17. Bf3 Nf4 18. gxf4 Qxh4 19. Nxd6 Re7 20. Rde1 Ng6 21. d4
e4 22. Bg2 Nxf4 23. Bxf4 Qxf4 24. Nxc8 Rxc8 25. f3 e3 26. Bh3 Rf8 27. Qg2 Kh8
28. Qg3 Bh6 29. Qxf4 Bxf4 30. Re2 Rg7+ 31. Kh1 Rg5 32. Rg1 Rxg1+ 33. Kxg1
1/2-1/2

[Event "Sachsen 2-Norwegen 4"]
[Site "?"]
[Date "????.??.??"]
[Round "3.2"]
[White "Wicklund-Hansen, R."]
[Black "Winter, K."]
[Result "0-1"]
[WhiteElo "1886"]
[BlackElo "2048"]
[PlyCount "73"]
[EventDate "2008.??.??"]

1. d4 Nf6 2. Nf3 e6 3. c4 d5 4. Nc3 c6 5. Bg5 h6 6. Bh4 Nbd7 7. e3 Qa5 8. Qc2
Bb4 9. Nd2 c5 10. Nb3 Qb6 11. a3 Bxc3+ 12. bxc3 O-O 13. Bxf6 gxf6 14. cxd5 exd5
15. c4 cxd4 16. Nxd4 Re8 17. Rd1 Ne5 18. cxd5 Qa5+ 19. Qd2 Qxd5 20. Nb5 Qb3 21.
Nc7 Bg4 22. Nxe8 Bxd1 23. Nxf6+ Kg7 24. Qxd1 Qc3+ 25. Qd2 Qa1+ 26. Ke2 Kxf6 27.
Qd6+ Kg7 28. f4 Qa2+ 29. Qd2 Qxd2+ 30. Kxd2 Rd8+ 31. Ke1 Ng4 32. Be2 Nxe3 33.
Kf2 Nc2 34. Bf3 Rd2+ 35. Kg3 b6 36. a4 Nd4 37. Rd1 0-1

[Event "Sachsen 2-Norwegen 4"]
[Site "?"]
[Date "????.??.??"]
[Round "3.3"]
[White "Bec, D."]
[Black "Bue, G."]
[Result "1-0"]
[WhiteElo "1905"]
[BlackElo "1829"]
[PlyCount "63"]
[EventDate "2008.??.??"]

1. c4 c5 2. Nf3 Nc6 3. d4 cxd4 4. Nxd4 e6 5. Nc3 a6 6. a3 Nf6 7. Nc2 Be7 8. e4
O-O 9. Be2 d6 10. O-O Qc7 11. Ne3 Bd7 12. b3 Ne5 13. Bb2 Bc6 14. Qd4 Ng6 15. g3
e5 16. Qd3 Rfd8 17. Rac1 Bf8 18. Ncd5 Bxd5 19. cxd5 Qd7 20. Nc4 Rab8 21. Kg2
Qe8 22. Rc2 b5 23. Na5 Ne7 24. Nc6 Nxc6 25. Rxc6 Ra8 26. Rfc1 Nd7 27. b4 Nb8
28. Rc7 Nd7 29. Qe3 Rdc8 30. Bg4 Rxc7 31. Rxc7 Nb6 32. Qxb6 1-0

[Event "Sachsen 2-Norwegen 4"]
[Site "?"]
[Date "????.??.??"]
[Round "3.4"]
[White "Birkestrand, O."]
[Black "Seibt, M."]
[Result "1/2-1/2"]
[WhiteElo "1800"]
[BlackElo "1975"]
[PlyCount "100"]
[EventDate "2008.??.??"]

1. e4 e5 2. Nf3 Nc6 3. Bc4 Bc5 4. c3 Qe7 5. O-O d6 6. d4 Bb6 7. d5 Nb8 8. Bg5
Nf6 9. Nbd2 Nbd7 10. b4 h6 11. Bh4 Rg8 12. a4 a6 13. a5 Ba7 14. Kh1 g5 15. Bg3
Nf8 16. Qe2 Ng6 17. b5 axb5 18. Bxb5+ Nd7 19. Qc4 Qd8 20. a6 Bb6 21. axb7 Bxb7
22. Rxa8 Bxa8 23. Ra1 Ke7 24. Nb3 Kf6 25. Qa4 Nc5 26. Nxc5 Bxc5 27. Nd2 Ne7 28.
f3 Bb7 29. Nb3 Bb6 30. h3 h5 31. Bh2 Ng6 32. Bg1 Bxg1 33. Kxg1 g4 34. fxg4 hxg4
35. Qa7 Qc8 36. Qf2+ Ke7 37. Rf1 Nf4 38. Qh4+ f6 39. Qh7+ Kf8 40. Bd7 Qd8 41.
Bxg4 Bc8 42. Qh6+ Kf7 43. Bh5+ Nxh5 44. Qxh5+ Rg6 45. Nd2 Qg8 46. Rf2 Ke7 47.
Nf3 Qg7 48. Ne1 Rh6 49. Qe2 Bxh3 50. Qc4 Kd8 1/2-1/2

[Event "Großröhrsdorf / BSW-Schweden 3"]
[Site "?"]
[Date "????.??.??"]
[Round "3.1"]
[White "Stavenhagen, J."]
[Black "Sjostrom, O."]
[Result "0-1"]
[WhiteElo "2055"]
[BlackElo "2000"]
[PlyCount "102"]
[EventDate "2008.??.??"]

1. d4 Nf6 2. c4 g6 3. Nc3 d5 4. e3 Bg7 5. Qb3 c6 6. Nf3 O-O 7. Be2 dxc4 8. Bxc4
b5 9. Bd3 a5 10. O-O b4 11. Ne2 Ba6 12. Rd1 Qb6 13. a4 Nbd7 14. e4 Nxe4 15.
Bxa6 Qxa6 16. Re1 c5 17. Qe3 Nef6 18. dxc5 Nd5 19. Qg5 e6 20. Nf4 Nxc5 21. Nxd5
exd5 22. Qxd5 Nd3 23. Re7 Nxb2 24. Bxb2 Bxb2 25. Rae1 Rad8 26. Qb3 Bc3 27. Rf1
Qd6 28. Re4 Qd5 29. Qxd5 Rxd5 30. h4 Rc8 31. Re7 h6 32. Rb7 Bf6 33. Re1 Rcd8
34. Kh2 g5 35. hxg5 hxg5 36. g4 Rc8 37. Kg2 Kg7 38. Re4 Rc3 39. Ng1 Ra3 40. Rc4
Rd4 41. Rxd4 Bxd4 42. Ne2 Bf6 43. Ng3 Ba1 44. Rb5 Rxa4 45. Rxg5+ Kf8 46. Rb5
Ra3 47. Nf5 Ke8 48. Nd6+ Kd7 49. Nc4 Rd3 50. Ne5+ Bxe5 51. Rxe5 a4 0-1

[Event "Großröhrsdorf / BSW-Schweden 3"]
[Site "?"]
[Date "????.??.??"]
[Round "3.2"]
[White "Ohrn, S."]
[Black "Müller, S."]
[Result "1/2-1/2"]
[WhiteElo "1947"]
[BlackElo "2050"]
[PlyCount "81"]
[EventDate "2008.??.??"]

1. e4 b6 2. d4 e6 3. Bd3 Bb7 4. Be3 Nf6 5. Nd2 c5 6. c3 cxd4 7. cxd4 Bb4 8. f3
O-O 9. Ne2 d6 10. a3 Bxd2+ 11. Qxd2 Nbd7 12. b4 a5 13. O-O e5 14. d5 Ba6 15.
Rac1 Bxd3 16. Qxd3 axb4 17. axb4 Ne8 18. Rc6 Rb8 19. Ra1 f6 20. Nc3 g6 21. Nb5
Ra8 22. Rxa8 Qxa8 23. Qa3 Qb7 24. Qa7 Qxa7 25. Nxa7 f5 26. Nb5 fxe4 27. fxe4
Ndf6 28. Nc3 b5 29. Rb6 Ng4 30. Bg5 h6 31. Bh4 Ne3 32. h3 Rf1+ 33. Kh2 Rc1 34.
Nxb5 g5 35. Bxg5 hxg5 36. Nxd6 Nxd6 37. Rxd6 Nf1+ 38. Kg1 Nd2+ 39. Kh2 Nf1+ 40.
Kg1 Ng3+ 41. Kh2 1/2-1/2

[Event "Großröhrsdorf / BSW-Schweden 3"]
[Site "?"]
[Date "????.??.??"]
[Round "3.3"]
[White "Morgner, S."]
[Black "Andersson, M."]
[Result "0-1"]
[WhiteElo "1921"]
[BlackElo "1825"]
[PlyCount "62"]
[EventDate "2008.??.??"]

1. Nf3 d5 2. d4 c6 3. e3 Bf5 4. c4 e6 5. Nc3 Nd7 6. Bd3 Bxd3 7. Qxd3 Ngf6 8.
O-O Be7 9. e4 dxe4 10. Nxe4 h6 11. Bf4 Nxe4 12. Qxe4 O-O 13. Rad1 Nf6 14. Qe5
Ng4 15. Qh5 Nf6 16. Qh3 Qa5 17. Ra1 Qh5 18. Qxh5 Nxh5 19. Be5 Rad8 20. g4 f6
21. Bc7 Rd7 22. gxh5 Rxc7 23. Nh4 Rd8 24. Rad1 Rcd7 25. Rfe1 Rxd4 26. Rxd4 Rxd4
27. Rxe6 Rg4+ 28. Ng2 Kf7 29. Re2 Rxc4 30. h4 Bd6 31. Rd2 Rc1+ 0-1

[Event "Großröhrsdorf / BSW-Schweden 3"]
[Site "?"]
[Date "????.??.??"]
[Round "3.4"]
[White "Keller, G."]
[Black "Zanger, K."]
[Result "1/2-1/2"]
[WhiteElo "1599"]
[BlackElo "1808"]
[PlyCount "61"]
[EventDate "2008.??.??"]

1. e4 e5 2. Nf3 d6 3. Bc4 Be7 4. Nc3 Nf6 5. d3 O-O 6. h3 Nc6 7. a3 a6 8. Be3
Na5 9. Ba2 c5 10. O-O Nc6 11. Nd5 Rb8 12. c3 b5 13. b4 cxb4 14. axb4 Qd7 15.
Nb6 Qd8 16. Nd5 h6 17. Qd2 Kh7 18. Nh2 Ng8 19. Nxe7 Ngxe7 20. f4 f5 21. exf5
Bxf5 22. g4 exf4 23. Rxf4 Bg6 24. Rxf8 Qxf8 25. Rf1 Qd8 26. d4 a5 27. Nf3 Be4
28. Qe1 axb4 29. cxb4 d5 30. Bb1 Qd6 31. Bf2 1/2-1/2

[Event "Senioren Dresden-Bahn-Sozialwerk 2"]
[Site "?"]
[Date "????.??.??"]
[Round "3.1"]
[White "Kanibalotzka, E."]
[Black "Hollstein, J."]
[Result "1/2-1/2"]
[WhiteElo "1856"]
[BlackElo "1980"]
[PlyCount "60"]
[EventDate "2008.??.??"]

1. Nf3 Nf6 2. g3 g6 3. Bg2 Bg7 4. O-O O-O 5. d3 d5 6. Nbd2 c5 7. e4 e6 8. c3
Nc6 9. e5 Nd7 10. d4 a6 11. h4 b5 12. Nb3 a5 13. Bg5 Qb6 14. dxc5 Qa7 15. Nfd4
Qb7 16. Nxc6 Qxc6 17. Be7 Re8 18. Nd4 Qa6 19. Bd6 Nxe5 20. Bxe5 Bxe5 21. Re1
Bg7 22. Bxd5 Bb7 23. Bxb7 Qxb7 24. Qe2 b4 25. Rab1 Qd5 26. Nb5 Qxc5 27. c4 Red8
28. Red1 Rac8 29. b3 Bf6 30. Rxd8+ Rxd8 1/2-1/2

[Event "Senioren Dresden-Bahn-Sozialwerk 2"]
[Site "?"]
[Date "????.??.??"]
[Round "3.2"]
[White "Ehlert, J."]
[Black "Frenzel, L."]
[Result "1/2-1/2"]
[WhiteElo "2053"]
[BlackElo "1809"]
[PlyCount "56"]
[EventDate "2008.??.??"]

1. e4 e5 2. Nf3 Nc6 3. Bb5 a6 4. Ba4 Nf6 5. O-O b5 6. Bb3 Be7 7. Re1 O-O 8. c3
d6 9. d3 Na5 10. Bc2 c5 11. Nbd2 Nc6 12. Nf1 Re8 13. Ng3 Bf8 14. Bg5 h6 15. Bd2
Ne7 16. Nh4 Bg4 17. Nf3 Nh5 18. h3 Bxf3 19. Qxf3 Nxg3 20. Qxg3 Ng6 21. Bb3 Qf6
22. Re3 Nf4 23. Kh2 Qg6 24. Rf3 Qxg3+ 25. fxg3 Ne6 26. Raf1 Ra7 27. h4 Rc7 28.
Bd5 Ree7 1/2-1/2

[Event "Senioren Dresden-Bahn-Sozialwerk 2"]
[Site "?"]
[Date "????.??.??"]
[Round "3.3"]
[White "Gäbler, H-W."]
[Black "Kalmutzki, M."]
[Result "1/2-1/2"]
[WhiteElo "1658"]
[BlackElo "2005"]
[PlyCount "62"]
[EventDate "2008.??.??"]

1. c4 e6 2. Nc3 d5 3. d4 c6 4. Nf3 f5 5. e3 Nf6 6. Be2 Bd6 7. O-O Nbd7 8. cxd5
exd5 9. Bd3 Ne4 10. Ne2 O-O 11. Ne1 Qe7 12. a3 Ndf6 13. f3 Ng5 14. Qc2 Ne8 15.
Ng3 g6 16. f4 Ne4 17. Bxe4 fxe4 18. Bd2 Nf6 19. Rb1 Ng4 20. Nh1 Qh4 21. h3 Nh6
22. Bb4 Bxb4 23. axb4 Nf5 24. Qf2 Qxf2+ 25. Kxf2 Bd7 26. Nc2 a5 27. bxa5 Rxa5
28. Ra1 Rfa8 29. Rxa5 Rxa5 30. Ra1 Rb5 31. b4 Nd6 1/2-1/2

[Event "Senioren Dresden-Bahn-Sozialwerk 2"]
[Site "?"]
[Date "????.??.??"]
[Round "3.4"]
[White "Warnke, E."]
[Black "Mann, D."]
[Result "1/2-1/2"]
[WhiteElo "1787"]
[BlackElo "1781"]
[PlyCount "41"]
[EventDate "2008.??.??"]

1. d4 Nf6 2. Nf3 g6 3. c3 Bg7 4. Bf4 d6 5. h3 O-O 6. e3 Nbd7 7. Be2 Nb6 8. O-O
Nbd5 9. Bh2 c5 10. Re1 Qb6 11. Qb3 Be6 12. Qxb6 axb6 13. a3 Nc7 14. Nbd2 Nfd5
15. Ne4 Nf6 16. d5 Bd7 17. Bd3 Bb5 18. Bc2 Ba6 19. Ned2 Nd7 20. Rad1 c4 21. e4
1/2-1/2

[Event "SK Heidenau-Norwegen 3"]
[Site "?"]
[Date "????.??.??"]
[Round "3.1"]
[White "Hauswald, G."]
[Black "Haug, K."]
[Result "0-1"]
[WhiteElo "1820"]
[BlackElo "1958"]
[PlyCount "75"]
[EventDate "2008.??.??"]

1. d4 Nf6 2. c4 g6 3. Nc3 Bg7 4. e4 d6 5. Be2 O-O 6. Nf3 Nc6 7. O-O e5 8. d5
Nb4 9. a3 Na6 10. h3 Bd7 11. Bg5 h6 12. Be3 Kh7 13. Nh2 Nc5 14. Bf3 a5 15. Qc2
Qc8 16. Ne2 Ba4 17. Qb1 Nb3 18. Ra2 c6 19. Nc3 b5 20. cxb5 cxb5 21. Bd1 Rb8 22.
Bc2 Qc4 23. Qd1 Nd4 24. Bxa4 bxa4 25. Bxd4 exd4 26. Qxa4 Qxa4 27. Nxa4 Nxe4 28.
Nf3 Rfc8 29. Raa1 Rc4 30. b4 axb4 31. Nb2 Rc3 32. axb4 Rxb4 33. Nd1 Rc2 34. Rc1
Nc3 35. Nxc3 dxc3 36. Ne1 Rd2 37. Nc2 Rxd5 38. Ne3 0-1

[Event "SK Heidenau-Norwegen 3"]
[Site "?"]
[Date "????.??.??"]
[Round "3.2"]
[White "Kverndal, L."]
[Black "Wiemann, D."]
[Result "1/2-1/2"]
[WhiteElo "1914"]
[BlackElo "1481"]
[PlyCount "76"]
[EventDate "2008.??.??"]

1. d4 Nf6 2. Nf3 e6 3. g3 d5 4. Bg2 Ne4 5. O-O c5 6. Nc3 Nxc3 7. bxc3 Nc6 8.
Re1 Be7 9. Rb1 O-O 10. e4 cxd4 11. cxd4 dxe4 12. Rxe4 Qc7 13. c4 Rd8 14. Qc2
Na5 15. c5 Bf6 16. Bf4 Qd7 17. Be5 Bxe5 18. Nxe5 Qc7 19. Rh4 g6 20. Qc1 f6 21.
Ng4 Qg7 22. Qf4 Rf8 23. Qc1 g5 24. Rh5 Qg6 25. Rh6 Qg7 26. Rh3 e5 27. Bd5+ Kh8
28. f3 Bxg4 29. fxg4 Qd7 30. Qc2 exd4 31. Qd3 Rad8 32. Re1 Nc6 33. Be4 Rf7 34.
Bf5 Qc7 35. Re6 Ne5 36. Qb5 Nc6 37. Qe2 Ne5 38. Qb5 Nc6 1/2-1/2

[Event "SK Heidenau-Norwegen 3"]
[Site "?"]
[Date "????.??.??"]
[Round "3.3"]
[White "Lauterbach, E."]
[Black "Nilsen, K."]
[Result "1/2-1/2"]
[WhiteElo "1735"]
[BlackElo "1947"]
[PlyCount "68"]
[EventDate "2008.??.??"]

1. d4 Nf6 2. c4 e5 3. dxe5 Ng4 4. Nf3 Nc6 5. e3 Bb4+ 6. Bd2 Qe7 7. a3 Bxd2+ 8.
Qxd2 Ngxe5 9. Be2 d6 10. Nc3 Be6 11. b3 O-O 12. O-O Rad8 13. Rfd1 a6 14. Nd5
Bxd5 15. cxd5 Nxf3+ 16. Bxf3 Ne5 17. Be2 f5 18. Rac1 Rd7 19. Qd4 Ng6 20. g3 f4
21. Bg4 Ne5 22. Be6+ Kh8 23. Kg2 f3+ 24. Kh1 Rdd8 25. h3 c6 26. Qb6 c5 27. Qa5
Rf6 28. Qd2 Rh6 29. Kh2 g5 30. Rh1 g4 31. h4 b5 32. e4 Qg7 33. Qc3 Rf8 34. Kg1
Rhf6 1/2-1/2

[Event "Dresden-Striesen-Norwegen 5"]
[Site "?"]
[Date "????.??.??"]
[Round "3.1"]
[White "Groschup, G."]
[Black "Wibe, P."]
[Result "1-0"]
[WhiteElo "1886"]
[BlackElo "1791"]
[PlyCount "79"]
[EventDate "2008.??.??"]

1. d4 d5 2. c4 c6 3. e3 Nf6 4. Nc3 e6 5. Bd3 Bd6 6. Nf3 Nbd7 7. O-O O-O 8. e4
dxe4 9. Nxe4 Nxe4 10. Bxe4 f5 11. Bc2 e5 12. Ng5 Qf6 13. c5 Bb8 14. Bb3+ Kh8
15. Qh5 h6 16. Be6 exd4 17. Nf7+ Rxf7 18. Bxf7 Ne5 19. Bb3 Qg6 20. Qxg6 Nxg6
21. Re1 Bd7 22. Bd2 Be5 23. Bf7 Bf4 24. Bxf4 Nxf4 25. Re7 Rd8 26. g3 Nd5 27.
Bxd5 cxd5 28. Rd1 Bc6 29. Rxd4 Kh7 30. f4 Kg6 31. Kf2 Kf6 32. Re5 g5 33. Ke3 g4
34. Rd2 h5 35. Kd4 Rh8 36. Rde2 h4 37. Re7 Bd7 38. Rxd7 hxg3 39. hxg3 Rh3 40.
Kxd5 1-0

[Event "Dresden-Striesen-Norwegen 5"]
[Site "?"]
[Date "????.??.??"]
[Round "3.2"]
[White "Gabrielsen, O."]
[Black "Neudel, B."]
[Result "0-1"]
[WhiteElo "1754"]
[BlackElo "1952"]
[PlyCount "62"]
[EventDate "2008.??.??"]

1. e4 c5 2. Nf3 d6 3. d4 cxd4 4. Nxd4 Nf6 5. Nc3 a6 6. Be2 Nc6 7. Be3 e6 8. f4
Qc7 9. g4 Be7 10. g5 Nd7 11. Qd2 Rb8 12. O-O-O b5 13. f5 Nde5 14. h4 Nxd4 15.
Bxd4 b4 16. Nb1 exf5 17. Bxe5 dxe5 18. exf5 Bxf5 19. Rhf1 Rd8 20. Rxf5 Rxd2 21.
Nxd2 f6 22. Bxa6 O-O 23. Rdf1 g6 24. Bc4+ Kg7 25. gxf6+ Rxf6 26. Rxf6 Bxf6 27.
Bb3 Qc6 28. Nf3 h6 29. Nxe5 Qg2 30. Re1 Bxe5 31. Rxe5 Qg1+ 0-1

[Event "Dresden-Striesen-Norwegen 5"]
[Site "?"]
[Date "????.??.??"]
[Round "3.3"]
[White "Kothe, H-J."]
[Black "Flotten, E."]
[Result "1-0"]
[WhiteElo "1794"]
[BlackElo "1603"]
[PlyCount "95"]
[EventDate "2008.??.??"]

1. e4 c6 2. d4 d5 3. Nc3 e6 4. e5 c5 5. Nf3 Nc6 6. Bb5 Qb6 7. O-O Bd7 8. dxc5
Bxc5 9. Qe2 a6 10. Bd3 Nd4 11. Nxd4 Bxd4 12. Nd1 Qc7 13. Re1 Ne7 14. c3 Bb6 15.
Be3 Ng6 16. g3 Bxe3 17. Qxe3 Bc6 18. Qd4 b5 19. f4 Qa7 20. Qxa7 Rxa7 21. Ne3
Ne7 22. Nc2 O-O 23. Nd4 Bd7 24. Bc2 Rc8 25. a4 bxa4 26. Bxa4 Bxa4 27. Rxa4 Rb8
28. b4 Rc7 29. Ne2 Rb6 30. Rea1 Rcc6 31. Kf2 g6 32. Ke3 Nf5+ 33. Kd3 h5 34. Nc1
Kg7 35. Nb3 f6 36. Nc5 fxe5 37. fxe5 Kf7 38. Rxa6 Rxa6 39. Rxa6 Rxa6 40. Nxa6
Ke7 41. b5 Kd7 42. Nc5+ Kc7 43. Nxe6+ Kb6 44. Nd4 Ne7 45. h4 Kc5 46. Ke3 Nf5+
47. Nxf5 gxf5 48. e6 1-0

[Event "Dresden-Striesen-Norwegen 5"]
[Site "?"]
[Date "????.??.??"]
[Round "3.4"]
[White "Johansen, B."]
[Black "Günther, E."]
[Result "1/2-1/2"]
[WhiteElo "1278"]
[BlackElo "1837"]
[PlyCount "60"]
[EventDate "2008.??.??"]

1. e4 c5 2. Nf3 Nf6 3. Nc3 Nc6 4. Bc4 e6 5. d3 a6 6. a3 d5 7. exd5 exd5 8. Ba2
Be6 9. O-O h6 10. Ne2 Bd6 11. Nf4 Bxf4 12. Bxf4 O-O 13. c3 Bg4 14. h3 Bh5 15.
g4 Bg6 16. Bb1 d4 17. c4 Re8 18. Bc2 b5 19. b3 Qd7 20. Kg2 Re7 21. Qd2 Rae8 22.
Rae1 b4 23. a4 Re6 24. Rxe6 Rxe6 25. Re1 h5 26. Rxe6 Qxe6 27. Ng5 Qe7 28. f3
hxg4 29. hxg4 Nh7 30. Kf2 f6 1/2-1/2